Vinte contos brasileiros /

Bibliographic Details
Other Authors: Castagnaro, R. Anthony
Format: Book
Language:Portuguese
Published: Washington, D.C. : Georgetown University Press, [1980]
Subjects:

MARC

Tag First Indicator Second Indicator Subfields
LEADER 00000cam a2200000 a 4500
001 in00000090107
005 20151008065553.0
008 800415s1980 dcu 00001 porm
010 |a  80011585  
020 |a 0878400796 
035 |a (OCoLC)06280629 
035 |9 AAK6191AM 
040 |a DLC  |c DLC  |d OCL  |d TXA  |d UtOrBLW 
049 |a TXAM  |c [1197146] 
050 0 0 |a PC5071  |b  V5 
082 0 |a 469.86/4  |2 19 
245 0 0 |a Vinte contos brasileiros /  |c R. Anthony Castagnaro, editor ; with an introduction by Wilson Martins. 
264 1 |a Washington, D.C. :  |b Georgetown University Press,  |c [1980] 
264 4 |c ©1980 
300 |a v, 218 pages ;  |c 23 cm. 
336 |a text  |b txt  |2 rdacontent 
337 |a unmediated  |b n  |2 rdamedia 
338 |a volume  |b nc  |2 rdacarrier 
650 0 |a Portuguese language  |v Readers. 
650 0 |a Short stories, Brazilian. 
700 1 |a Castagnaro, R. Anthony. 
999 |a MARS 
999 f f |s 0d06d887-3094-3f2a-9c35-2578fc6e444c  |i 05652e1c-067c-3809-94c2-c9deff23ef8c  |t 0 
952 f f |p ric  |a Texas A&M University  |b Rellis Campus  |c Joint Library Facility  |s JLF  |d Remote Storage  |t 0  |e PC5071 V5  |h Library of Congress classification  |i unmediated -- volume  |m A14806002073 
998 f f |a PC5071 V5  |t 0  |l Remote Storage